000 00301nam a22001337a 4500
008 170308b xxu||||| |||| 00| 0 eng d
020 _a9780805353365
041 _aeng
080 _a611
100 _a6
101 _aSHM
245 _aA BRIEF ATLAS OF THE HUMAN BODY
_cHUTCHINSON, M
942 _2udc
_cBK
999 _c7191
_d7191